000 00872nam a2200313 a 4500
001 000114253
003 CHAP
005 20220329144433.0
008 171130s1980 mx |r| ||||||spa d
010 _a110714
011 _a111686
020 _a9681500628
040 _cCHAP
082 0 4 _a370.9
_bP6 1980
100 0 0 _aPonce, Aníbal.
_990824
245 1 0 _aEducación y lucha de clases /
_cpor Aníbal Ponce.
250 _a3 ed.
260 _aMéxico, D.F. :
_bEditores Mexicanos Unidos,
_c1980.
300 _a245 p.
490 _aColección Ciencias Sociales
_v16
590 _aE5765TAJ
_b05
_c20171130
_lUCH01
_h0943
590 _aE5765TAJ
_b05
_c20171130
_lUCH01
_h0947
650 1 4 _aCambio social.
_917787
650 1 4 _aEducación
_xHistoria.
_935450
830 0 _aColección Ciencias Sociales
_v16
_924749
901 _aBK
942 _cLIBRO
942 _n0
999 _c110714
_d110714